000 01438cam a2200505La 4500
020 _a0585342865
020 _a9780585342863
020 _a9780824864033
020 _a0824864034
040 _cN$T
041 1 _hjpn
082 0 4 _a370 UNI 1997 A020 Or.
100 1 _aMotoyama, Yukihiko,
245 1 0 _aProliferating talent
_bessays on politics, thought, and education in the Meiji era /
260 _aHonolulu, Hawaii :
_bUniversity of Hawai'i Press,
_cc1997.
300 _a1 online resource (xii, 475 p.)
650 0 _aEducation
650 0 _aEducation
650 0 _aEducation and state
650 7 _aEDUCATION
650 7 _aEDUCATION
650 1 7 _aOnderwijs.
650 1 7 _aPolitiek.
650 1 7 _aGeestesgeschiedenis.
650 7 _aEDUCAÇÃO
650 7 _aINTELECTUALIDADE
650 0 7 _aMeijireform.
650 0 7 _aErziehung.
650 0 7 _aGeschichte.
650 0 7 _aAufsatzsammlung.
650 0 7 _aPolitik.
650 0 7 _aIntellektuelle Anschauung.
650 0 7 _aBildungspolitik.
650 7 _aEducation.
650 7 _aEducation and state.
650 7 _aEducation
650 7 _aIntellectual life.
650 7 _aElectronic books
650 4 _aElectronic books.
650 7 _aHISTORY / Asia / Japan
700 1 _aElisonas, J. S. A.,
700 1 _aRubinger, Richard,
856 4 0 _uhttp://metlibrary.idm.oclc.org/login?url=http://www.jstor.org/stable/10.2307/j.ctt6wqttw
942 _cEK
999 _c12659
_d12659